[Event "25. Wertheraner Schachfestival"]
[Site "Werther"]
[Date "2019.04.14"]
[Round "6.3"]
[White "Koellner,Aaron Noah, Aaron Noah"]
[Black "Jugelt, Tobias"]
[Result "0-1"]
[WhiteElo "2174"]
[BlackElo "2408"]
[Annotator "NA"]
[PlyCount "106"]
[EventDate "2019.04.12"]
[EventCountry "GER"]
[SourceTitle "playchess.com"]
[Source "ChessBase"]
[SourceQuality "1"]

1. d4 Nf6 2. Bg5 Ne4 3. Bf4 d5 4. e3 e6 5. Bd3 Bd6 6. Bxe4 {A45: Trompowsky Attack} Bxf4 7. exf4 dxe4 8. Ne2 (8. Nc3 Nc6 9. Nge2 f5 10. Qd2 (10. O-O O-O 11. f3 exf3 12. Rxf3 Ne7 13. Re3 Nd5 14. Nxd5 Qxd5 {½-½ (55) Mitev,V (2234)-Mica,M (2100) Kouty nad Desnou 2018}) 10... O-O 11. O-O-O a5 12. h3 a4 13. a3 b5 {½-½ (58) Vitiugov,N (2726)-Grandelius,N (2643) Doha 2016}) 8... b6 $146 ({Predecessor:} 8... Nc6) 9. Nd2 Bb7 10. O-O Nd7 11. Nc4 Qe7 12. c3 O-O 13. Re1 Rad8 14. Qa4 a6 15. Ne5 b5 16. Qb3 Nb6 17. Qc2 c5 18. Rad1 Nd5 19. g3 h5 20. dxc5 Qxc5 21. Nd4 Nf6 22. Qe2 Bd5 23. a3 g6 24. h3 Kg7 25. Qe3 Qc7 26. b3 Nd7 27. Nxd7 Rxd7 28. Rc1 Rfd8 29. c4 bxc4 30. bxc4 Bb7 31. Nb3 Rd3 32. Qc5 {[#]} Rc8 (32... Qb8 $1 $17 33. Rb1 Rc8) 33. Qb4 $2 (33. Qxc7 $1 $11 {and White stays safe.} Rxc7 34. Re3) 33... h4 34. Rc3 hxg3 35. fxg3 Kg8 36. c5 Bd5 37. Rec1 Rb8 38. Qa5 Qxa5 $19 (38... Qd7 39. c6 Bxc6 40. Rxd3 exd3) 39. Nxa5 Rb5 40. c6 Rxa5 41. c7 Bb7 42. c8=Q+ Bxc8 43. Rxc8+ Kg7 44. R8c3 Rxa3 45. Rxa3 Rxa3 46. Kf2 f5 47. Rh1 Kf6 48. h4 Ra2+ 49. Ke3 Rg2 50. h5 Rxg3+ 51. Kd4 gxh5 52. Rxh5 Rd3+ 53. Kc5 e5 {Kd4} 0-1

[Event "25. Wertheraner Schachfestival"]
[Site "Werther"]
[Date "2019.04.14"]
[Round "6.3"]
[White "Köllner, Aaron Noah"]
[Black "Jugelt, Tobias"]
[Result "0-1"]
[WhiteElo "2174"]
[BlackElo "2408"]
[Annotator "ChessBase"]
[PlyCount "106"]
[EventDate "2019.04.12"]
[EventCountry "GER"]
[SourceTitle "playchess.com"]
[Source "ChessBase"]
[SourceQuality "1"]

1. d4 Nf6 2. Bg5 Ne4 3. Bf4 d5 4. e3 e6 5. Bd3 Bd6 6. Bxe4 Bxf4 7. exf4 dxe4 8. Ne2 b6 9. Nd2 Bb7 10. O-O Nd7 11. Nc4 Qe7 12. c3 O-O 13. Re1 Rad8 14. Qa4 a6 15. Ne5 b5 16. Qb3 Nb6 17. Qc2 c5 18. Rad1 Nd5 19. g3 h5 20. dxc5 Qxc5 21. Nd4 Nf6 22. Qe2 Bd5 23. a3 g6 24. h3 Kg7 25. Qe3 Qc7 26. b3 Nd7 27. Nxd7 Rxd7 28. Rc1 Rfd8 29. c4 bxc4 30. bxc4 Bb7 31. Nb3 Rd3 32. Qc5 Rc8 33. Qb4 h4 34. Rc3 hxg3 35. fxg3 Kg8 36. c5 Bd5 37. Rec1 Rb8 38. Qa5 Qxa5 39. Nxa5 Rb5 40. c6 Rxa5 41. c7 Bb7 42. c8=Q+ Bxc8 43. Rxc8+ Kg7 44. R8c3 Rxa3 45. Rxa3 Rxa3 46. Kf2 f5 47. Rh1 Kf6 48. h4 Ra2+ 49. Ke3 Rg2 50. h5 Rxg3+ 51. Kd4 gxh5 52. Rxh5 Rd3+ 53. Kc5 e5 {Kd4} 0-1

[Event "25. Wertheraner Schachfestival"]
[Site "Werther"]
[Date "2019.04.14"]
[Round "6.4"]
[White "Gungl, Theo"]
[Black "Schütze, Norman"]
[Result "1/2-1/2"]
[WhiteElo "2329"]
[BlackElo "2287"]
[Annotator "NA"]
[PlyCount "69"]
[EventDate "2019.04.12"]
[EventCountry "GER"]
[SourceTitle "playchess.com"]
[Source "ChessBase"]
[SourceQuality "1"]

1. e4 c5 2. Nf3 d6 3. d4 cxd4 4. Nxd4 Nf6 5. Nc3 a6 6. Bg5 Nbd7 7. Qe2 {B94: Sicilian Najdorf: 6 Bg5 Nbd7} h6 8. Bh4 {LiveBook: 248 Games} g6 9. f4 Bg7 (9... Qc7 10. O-O-O Bg7 11. g4 e5 12. fxe5 Nxe5 13. h3 Be6 14. Qf2 Nfd7 {½-½ (26) Carlsen,M (2842)-Svidler,P (2753) Biel 2018}) 10. O-O-O Qa5 11. Kb1 O-O 12. g4 $146 ({Predecessor:} 12. Be1 Qc7 13. Nf3 e5 14. Qc4 Qb8 {½-½ (83) Lumachi,G (2106)-Brunello,M (2272) Bergamo 2018}) 12... Nc5 13. Bxf6 Bxf6 14. Nd5 Nd7 15. Nb3 Qd8 16. Nxf6+ Nxf6 17. f5 Nd7 18. Qd2 Kg7 19. Be2 Ne5 20. Rhf1 g5 21. h4 f6 22. Nd4 Bd7 23. Rh1 b5 24. Rh3 Qb6 25. Rdh1 Rh8 26. Bd1 Rad8 {[#]} 27. hxg5 $16 ({White must play} 27. c3 $1 $18 Nc4 28. Qe2) 27... hxg5 28. Qh2 Rxh3 29. Qxh3 Rg8 30. Ne6+ Bxe6 31. fxe6 Kf8 32. Qh6+ Rg7 33. Qh8+ Rg8 34. Qh6+ Rg7 35. Qh8+ 1/2-1/2

[Event "25. Wertheraner Schachfestival"]
[Site "Werther"]
[Date "2019.04.14"]
[Round "7.1"]
[White "Burmakin, Vladimir"]
[Black "Jugelt, Tobias"]
[Result "1/2-1/2"]
[WhiteElo "2495"]
[BlackElo "2408"]
[Annotator "ChessBase"]
[PlyCount "103"]
[EventDate "2019.04.12"]
[EventCountry "GER"]
[SourceTitle "playchess.com"]
[Source "ChessBase"]
[SourceQuality "1"]

1. Nf3 g6 2. d4 Bg7 3. g3 d5 4. Bg2 Nf6 5. O-O O-O 6. c4 c6 7. Qb3 dxc4 8. Qxc4 Bf5 9. Nc3 Ne4 10. Qb3 Qb6 11. Nh4 Nxc3 12. bxc3 Be6 13. Qc2 Bc4 14. Nf3 Nd7 15. Re1 e5 16. Nd2 Be6 17. e3 Qc7 18. a4 Rfd8 19. a5 Rac8 20. Bb2 h5 21. h4 Nf6 22. Nf3 Ng4 23. Ng5 Bd5 24. e4 Bc4 25. Qa4 Bb5 26. Qb4 Ba6 27. Rad1 c5 28. dxc5 Bf8 29. Ba3 Rxd1 30. Rxd1 Qxc5 31. Qxc5 Bxc5 32. Bxc5 Rxc5 33. Rd8+ Kg7 34. Rd7 Rxc3 35. Rd1 Rc2 36. Bf3 Nf6 37. Rd8 Rc1+ 38. Kg2 Rc5 39. Bd1 Bc4 40. Rb8 Rxa5 41. Rxb7 Ra1 42. Rc7 Rxd1 43. Rxc4 Rd7 44. Rc5 Re7 45. Ra5 Ne8 46. Nf3 f6 47. Nd2 Nd6 48. Ra6 Rd7 49. f4 Nf7 50. Nf3 Re7 51. fxe5 Nxe5 52. Nxe5 1/2-1/2

[Event "25. Wertheraner Schachfestival"]
[Site "Werther"]
[Date "2019.04.14"]
[Round "7.2"]
[White "Genov, Petar"]
[Black "Gungl, Theo"]
[Result "1/2-1/2"]
[WhiteElo "2431"]
[BlackElo "2329"]
[Annotator "NA"]
[PlyCount "29"]
[EventDate "2019.04.12"]
[EventCountry "GER"]
[SourceTitle "playchess.com"]
[Source "ChessBase"]
[SourceQuality "1"]

1. c4 c6 2. Nf3 d5 3. d4 Nf6 4. Qc2 dxc4 5. Qxc4 Bg4 6. Nc3 Nbd7 7. e4 Bxf3 8. gxf3 e5 9. Be3 exd4 10. Bxd4 Bd6 11. O-O-O Qc7 12. Bh3 Ne5 13. Qb3 Ng6 14. Bxf6 gxf6 15. Kb1 1/2-1/2

[Event "25. Wertheraner Schachfestival"]
[Site "Werther"]
[Date "2019.04.14"]
[Round "7.3"]
[White "Schuetze, Norman"]
[Black "Carlstedt, Jonathan"]
[Result "0-1"]
[WhiteElo "2287"]
[BlackElo "2433"]
[Annotator "TA"]
[PlyCount "111"]
[EventDate "2019.04.12"]
[EventCountry "GER"]
[SourceTitle "playchess.com"]
[Source "ChessBase"]
[SourceQuality "1"]

{[%evp 25,111,0,10,-30,0,0,4,24,22,15,34,63,52,46,55,52,64,14,27,31,36,41,37,27,28,32,68,-16,35,-25,31,22,79,0,0,0,0,0,0,0,0,0,48,-110,0,0,0,0,0,-131,-137,-128,-131,-140,-128,-147,-160,-157,-99,-231,-226,-238,-209,-448,-474,-464,-464,-464,-462,-415,-420,-548,-554,-564,-547,-735,-710,-724,-717,-660,-649,-720,-709,-981,-942,-1120,-892,-640]} 1. e4 e5 2. Nf3 Nc6 3. Bc4 Nf6 4. d3 Bc5 5. O-O a6 6. c3 d6 7. Bb3 Ba7 8. Re1 O-O 9. Nbd2 Ng4 10. Re2 Kh8 11. h3 Nh6 12. Nf1 f5 13. Bxh6 gxh6 14. d4 {C54: Giuoco Piano: 4 c3 Nf6, main lines with 5 d4 and 5 d3} Qf6 {[%cal Re5d4]} 15. dxe5 dxe5 {[#]} 16. Bc2 $146 {The position is equal.} ({Predecessor:} 16. Ng3 f4 17. Nf5 Rd8 18. Qe1 Na5 19. Rd1 Re8 20. Bc2 Be6 21. b3 Rad8 {1-0 (62) Horvath,A (2514)-Szabo,K (2520) Hungary 2008}) 16... f4 {...Rg8 is the strong threat.} 17. Bb3 Rd8 18. Rd2 Rxd2 19. N1xd2 Qg7 20. Kf1 Bd7 21. Qe2 Na5 22. Nh4 Qf6 23. Ndf3 Bb5 24. c4 Be8 25. Rd1 Nc6 26. Rd5 (26. Nf5 $14) 26... Bh5 ({Better is} 26... Bf7 $11) 27. Qd2 (27. c5 $14) 27... Bd4 (27... Bf7 $1 $11) 28. c5 Rc8 {[#]} (28... Re8 $11 {keeps the balance.}) 29. Ba4 ({White should try} 29. Nf5 $1 $16 {[%cal Rf5d4]} Bxf3 30. gxf3) 29... Bf7 $11 30. Bxc6 bxc6 31. Rxd4 exd4 32. e5 Qe7 33. Qxd4 {aiming for e6+.} Rd8 34. Qc3 $2 (34. Qxf4 $14 {was forced to keep a grip.} Bxa2 35. Qxh6) 34... Qe6 (34... Rd1+ $17 35. Ke2 Rd5) 35. b3 Rd1+ 36. Ke2 Rd5 37. Qb4 {[#]} (37. Kf1 $11 {remains equal.}) 37... Bh5 $1 $17 {( -> ...Qxe5+)} 38. Kf1 Rd1+ 39. Ke2 Qd7 $40 {[%csl Gd1][%cal Rd7d3][%mdl 128] Black attacks with force.} 40. Qc3 Qd4 41. Qxd4 Rxd4 {[%mdl 4096] Endgame KRB-KNN} 42. Ke1 (42. g3 $17 fxg3 43. fxg3) 42... Rd5 $19 43. b4 Kg8 44. g4 $2 (44. Ke2) 44... fxg3 45. fxg3 Bxf3 46. Nxf3 {[#] KR-KN} a5 $1 {[%mdl 512]} 47. bxa5 Rxc5 48. Kd2 Rxa5 {Black is clearly winning.} 49. Nd4 Rxa2+ 50. Ke3 Ra3+ 51. Kf4 Ra4 52. Ke3 Kf7 53. Nxc6 Ke6 54. Nd8+ Kxe5 55. Nf7+ Kd5 56. Nxh6 {Accuracy: White = 40%, Black = 55%.} 0-1

[Event "25. Wertheraner Schachfestival"]
[Site "Werther"]
[Date "2019.04.14"]
[Round "7.4"]
[White "Haskenhoff, Jan"]
[Black "Inkiov, Ventzislav"]
[Result "1-0"]
[WhiteElo "2120"]
[BlackElo "2421"]
[Annotator "NA"]
[PlyCount "103"]
[EventDate "2019.04.12"]
[EventCountry "GER"]
[SourceTitle "playchess.com"]
[Source "ChessBase"]
[SourceQuality "1"]

1. e4 c5 2. Nf3 d6 3. d4 cxd4 4. Nxd4 Nf6 5. Nc3 Nc6 6. Bg5 e6 7. Qd2 Be7 8. O-O-O O-O 9. f4 h6 10. Bh4 Nxd4 11. Qxd4 Qa5 12. e5 dxe5 13. Qxe5 Qxe5 14. fxe5 Nd5 15. Bxe7 Nxe7 16. Bd3 Rb8 17. Rhe1 b6 18. Be4 b5 19. b3 a5 20. Kb2 b4 21. Na4 Bb7 22. Rd7 Bxe4 23. Rxe4 Ng6 24. Nc5 Rb5 25. Nd3 Rc8 26. g3 h5 27. Rc4 Rf8 28. Re4 Ra8 29. a3 bxa3+ 30. Kxa3 Rab8 31. Ka4 Kf8 32. Ra7 Ne7 33. Rxa5 Rxa5+ 34. Kxa5 Nc6+ 35. Ka4 Ke7 36. Rc4 Rb6 37. b4 f6 38. exf6+ gxf6 39. b5 Nb8 40. Ka5 Nd7 41. Rc7 Rb8 42. Nc5 Kd6 43. Nxd7 Kxc7 44. Nxb8 Kxb8 45. c4 e5 46. Kb4 f5 47. c5 Kc7 48. Kc4 e4 49. Kd4 Kd7 50. h3 Ke6 51. b6 Kd7 52. g4 1-0